00441nam a2200181Ia 4500008004100000020001800041050001400059100001800073245003600091245003200127260001500159260001600174260000900190300001500199300002700214300001000241500000800251170918s9999 xx 000 0 und d a9780439589086 bR456 1998 aRey, Margaret aCurious George makes pancakes / cMargaret Rey and H. A. Rey. aNew York : bScholastic, c1998 a24 pages : bcolored illustration ; c20cm. a340